| 000 | 00547nam a22001817a 4500 | ||
|---|---|---|---|
| 005 | 20141204120231.0 | ||
| 010 | _aENG-111106 | ||
| 020 |
_c150.00 _a9789351651659 |
||
| 035 | _aEN-94638 | ||
| 037 | _bDBAD/PUB | ||
| 082 | _a152.4 | ||
| 100 | _aLakhotia, Subhash | ||
| 245 |
_aJoy of sharing : _cby Subhash Lakhotia _balways share your feelings / |
||
| 260 |
_aNew Delhi _bDiamond Books _c2014 |
||
| 270 |
_bNew Delhi _e110020 _aX-30 Okhla Industrial Area Phase-II |
||
| 300 |
_a175p. _c22cm(pbk) |
||
| 942 |
_2ddc _cEN _mLAK _h152.4 |
||
| 999 |
_c89762 _d89762 |
||